000 00672cam a2200229 4500
008 090401t1991 xxu||||| |||| 00| 0 eng d
020 _a085299513X
035 _a(Sirsi) u73219
041 _aeng
050 _a657.73
110 _aChartered Institute of Public Finance and Accountancy
_92136
245 _aAsset registers: a practical guide.
260 _aLondon
_bCIPFA
_c1991
300 _aviii.28p. ; 30cm.
350 _a0
650 _aMANAGEMENT-BUSINESS MANAGEMENT-FINANCIAL MANAGEMENT-ACCOUNTING
650 _aASSET MANAGEMENT
650 _aPROPERTY RECORDS
690 _aPROPERTY-PROPERTY FINANCE AND INVESTMENT
942 _n0
948 _c04/03/1997
999 _c95561
_d95561